000 00546nam a22002177a 4500
003 OSt
005 20140310182827.0
008 130529t xxu||||| |||| 00| 0 eng d
020 _a0030223180
050 _aQD 415
_b.St874 2011
082 _aM574.19
_bS874 2011
245 _aBiochemistry /
_cStoker, Stephen
250 _a2nd ed
260 _aFort Worth
_bSaunders College Pub.
_cc1999.
300 _a 504 p.
_c29 cm.
521 _acollege students
526 _c1210L-1700L
541 _j1
562 _e1
942 _2lcc
_cBK
_kM
999 _c16522
_d16522